Honvéd. - I. évf. (1946) 1. sz.
Elmentve itt :
| Dokumentumtípus: | Folyóirat |
|---|---|
| Megjelent: |
1946
|
| Sorozat: | Honvéd : katonai folyóirat
1 No. 1 |
| Online Access: | http://misc.bibl.u-szeged.hu/17846 |
| LEADER | 00448nas a2200133 i 4500 | ||
|---|---|---|---|
| 001 | misc17846 | ||
| 005 | 20191106141834.0 | ||
| 008 | 170616s1946 hu o 0|| zxx d | ||
| 040 | |a SZTE Miscellanea Repozitórium |b hun | ||
| 041 | |a zxx | ||
| 245 | 0 | 0 | |a Honvéd. - I. évf. (1946) 1. sz. |h [elektronikus dokumentum] |
| 260 | |c 1946 | ||
| 490 | 0 | |a Honvéd : katonai folyóirat |v 1 No. 1 | |
| 856 | 4 | 0 | |u http://misc.bibl.u-szeged.hu/17846/1/honved_001_001.pdf |z Dokumentum-elérés |